| 000 | 00503nam a22001817a 4500 | ||
|---|---|---|---|
| 003 | CEME | ||
| 005 | 20210628204104.0 | ||
| 008 | 210107b xxu||||| |||| 00| 0 eng d | ||
| 020 | _a9789814272902 | ||
| 040 | _cceme | ||
| 082 | _a620.00151536 DIX | ||
| 100 |
_aDixit, U.S _968677 |
||
| 245 | _aFinite element methods for engineers | ||
| 260 |
_aSINGAPORE _bCENGAGE LEARNING _c2009 |
||
| 300 | _aX, 422P | ||
| 650 |
_aFEM FOR ENGINEERS.FINITE ELEMENT METHODS FOR ENGINEERS _968678 |
||
| 942 |
_cBK _2ddc |
||
| 999 |
_c576181 _d576181 |
||